000 01398cam a2200241 4500
001 WB3705-25
008 000000n2001 000 0 eng u
035 _a(Sirsi) u110667
245 _aLandlord and Tenant: Service charges
260 _c2001
490 _aEstates Gazette Case Summaries
_v[2001] EGCS 8 (27 January 2001)
520 _aChD 12 January 2001. Claimants (A) rented parts of a modern office building equipped with an extensive air conditioning system from B. The leases required B to provide air conditioning and other services and to maintain equipment. B decided to upgrade the system and demanded £2m under the service charge provisions. B was relying on extended wording of repairing covenant and express power to make reasonable additions and variations to services. A objected, on the grounds that the works intended to be done on the air conditioning system were largely unnecessary. A's objections were largely upheld.
590 _aWB
650 _aFLUOR DANIEL PROPERTIES LTD AND OTHERS V SHORTLANDS INVESTMENTS LTD
650 _aBUILT ENVIRONMENT-BUILDING ELEMENTS-COMPLETE BUILDING SERVICES ELEMENTS-COMPLETE HEATING, VENTILATION AND AIR CONDITIONING SYSTEMS
650 _aRefurbishment
_96264
650 _aSERVICE CHARGES
650 _aLEASES
650 _aREPAIRS
650 _aFACILITIES
690 _aPROPERTY-LANDLORD AND TENANT
942 _n0
999 _c65946
_d65946